000 01456nam a2200349 c 4500
003 BLK
005 20250128005507.0
008 180413b bul|||||r ||||||| ||bul||
010 _aKNG00023497000
020 _a954-528-097-2
_bиздат.: Труд
040 _aBLK
041 _aBUL
_cBUL
080 _aМеждународни политически отношения. Световна политика. Международна политика. Дипломация
_b327
_x(497.2)
_z327(497.2)
100 1 _aЖелев, Желю Митев
_d1935-2015
_gПолитик. Философ
_9368984
139 _aЖелев, Желю Митев
_bЖ 34
245 1 0 _aВ голямата политика
_cЖелю Митев Желев.
257 _aBGR
260 София
_bТруд
_c1998
_fСофия : Д. Благоев 2
300 _a336 с.
_bс ил., 8 л. ил.
_c21 см
380 _a3
500 _a1 700 тир. - Рез. на англ. ез. ; Именен показалец.
650 4 _aВъншна политика - България
_9245367
650 7 _aБългария - външна политика
_2
_9149489
651 4 _aБългария
_9241624
653 _aвъншна политика
852 _aЦб 197673
856 4 _qpdf
_u
856 4 _qpdf
_u
942 _cKNG
_n0
944 _aCR
_c15.01.2003
_lCRON CRON
_k
944 _aED
_c08.05.2015
_lф /
_kЛюдмила_Стоянова
999 _c21221
_d21221